It's not over : (Record no. 72884)

MARC details
000 -LEADER
fixed length control field 00788nam a22002297a 4500
005 - DATE AND TIME OF LATEST TRANSACTION
control field 20130111153310.0
008 - FIXED-LENGTH DATA ELEMENTS--GENERAL INFORMATION
fixed length control field 130111t xxu||||| |||| 00| 0 eng d
010 ## - LCCN (DPL NO)
LC control number ENG-106542
020 ## - INTERNATIONAL STANDARD BOOK NUMBER
International Standard Book Number 0198088418
Terms of availability 695.00
020 ## - INTERNATIONAL STANDARD BOOK NUMBER
International Standard Book Number 9780198088417
Terms of availability 695.00
035 ## - SYSTEM CONTROL NUMBER
System control number EN-90075
037 ## - SOURCE OF ACQUISITION
Source of stock number/acquisition DBAD / PUB
040 ## - CATALOGING SOURCE
Original cataloging agency DPL
Language of cataloging ENG
100 ## - MAIN ENTRY--PERSONAL NAME
Personal name Rohit
9 (RLIN) 1433
245 ## - TITLE STATEMENT
Title It's not over :
Statement of responsibility, etc by Rohit
Remainder of title structural drivers of the global economic crisis /
260 ## - PUBLICATION, DISTRIBUTION, ETC. (IMPRINT)
Place of publication, distribution, etc New Delhi
Name of publisher, distributor, etc Oxford University Press
Date of publication, distribution, etc 2013
270 ## - ADDRESS
Address YMCA Library Building, 1 Jai Singh Road,
City New Delhi
Postal code 110001
300 ## - PHYSICAL DESCRIPTION
Extent xxxi, 207 p. :
Dimensions 22cm(Hb)
700 ## - ADDED ENTRY--PERSONAL NAME
9 (RLIN) 54724
942 ## - ADDED ENTRY ELEMENTS (KOHA)
Source of classification or shelving scheme Dewey Decimal Classification
Item type English Books
Call number suffix ROH
Holdings
Withdrawn status Lost status Source of classification or shelving scheme Damaged status Not for loan Collection code Home library Current library Date acquired Source of acquisition Cost, normal purchase price Total Checkouts Full call number Barcode Date last seen Copy number Cost, replacement price Koha item type
    Dewey Decimal Classification     Non-fiction D.B.Act.Division D.B.Act.Division 11/01/2013 DBAD/PUB 695.00   ROH EN-90075 11/01/2013 1 695.00 English Books

© Delhi Public Library
Hit Counter
free hit counter